Adresár 1994 (dodatok) organizácie tretieho sektoru na Slovensku

Saved in:
Bibliographic Details
Format: Book
Language:Slovak
Published: Bratislava Servisné centrum pre tretí sektor. Slovenská akademická informačná agentúra 1994
Edition:1. vyd.
Subjects:
Tags: Add Tag
No Tags, Be the first to tag this record!

MARC

LEADER 00000nam a2200000 4500
001 c006021
005 20221214074047.7
041 0 |a slo 
044 |a SK 
245 1 0 |a Adresár 1994 (dodatok)  |b organizácie tretieho sektoru na Slovensku 
250 |a 1. vyd. 
264 1 |a Bratislava  |b Servisné centrum pre tretí sektor. Slovenská akademická informačná agentúra  |c 1994 
300 |a 144 s. 
610 2 0 |a organizácie neziskové 
610 2 0 |a Slovensko 
610 2 0 |a organizácie účelové 
610 2 0 |a hospodárstvo otvorené